ბათუმის შოთა რუსთაველის სახელმწიფო უნივერსიტეტის ბიბლიოთეკა

გამოჩენილი ქართველი მეცნიერი ივანე თარხნიშვილი (თარხან-მოურავი) / (ბიბ.ჩანაწერი № 62058)

000 -ლიდერი
ფიქსირებული სიგრძის საკონტროლო ველი 00954nam a22001937a 4500
003 - საკონტროლო ნომრის იდენტიფიკატორი
საკონტროლო ველი Ge_BSU
005 - ბოლო ოპერაციის თარიღი და დრო
საკონტროლო ველი 20240628114116.0
008 - ფიქსირებული სიგრძის მონაცემთა ელემენტები - ზოგადი ინფორმაცია
ფიქსირებული სიგრძის საკონტროლო ველი 240628b xxu||||| |||| 00| 0 geo d
041 ## - ენის კოდი
Language code of text/sound track or separate title geo
080 ## - უნივერსალური ათობითი კლასიფიკაციის ინდექსი
Universal Decimal Classification number 616(479.22)(092) ს-12
100 ## - მთავარი ჩანაწერი - პიროვნების სახელი
Personal name სააკაშვილი, მიხეილ
9 (RLIN) 22363
245 ## - ცნობა სათაურის შესახებ
Title გამოჩენილი ქართველი მეცნიერი ივანე თარხნიშვილი (თარხან-მოურავი) /
Statement of responsibility, etc მიხეილ სააკაშვილი; რედ. ბ. ჯიბლაძე.
264 ## - წარმოების, გამოცემის, დისტრიბუციის და სხვა ცნობები
გამოცემის, წარმოების, დისტრიბუციის... ადგილი თბილისი :
გამოცემის, წარმოების, დისტრიბუციის... სახელწოდება კომუნისტი,
გამოცემის, წარმოების, დისტრიბუციის... თარიღი 1947.
300 ## - ფიზიკური აღწერა
Extent 155 გვ. ;
Other physical details 20 სმ.
653 ## - INDEX TERM--UNCONTROLLED
Uncontrolled term თარხნიშვილი, ივანე
653 ## - INDEX TERM--UNCONTROLLED
Uncontrolled term ქართველი ფიზიოლოგები
700 ## - ADDED ENTRY--PERSONAL NAME
Personal name ჯიბლაძე, ბ.
Relator term რედაქტორი
9 (RLIN) 22625
942 ## - ADDED ENTRY ELEMENTS (KOHA)
Source of classification or shelving scheme
Koha item type წიგნი
ეგზემპლარები
ჩამოწერის სტატუსი დაკარგული ეგზემპლარის სტატუსი კლასიფიკაციის წყარო ან თაროზე გაწყობის სქემა დაზიანების სტატუსი არ გაიცემა მუდმივი მდებარეობა (დაცვის ადგილი) ამჟამინდელი ადგილსამყოფელი თაროზე განთავსების ადგილი შეძენის თარიღი ღირებულება, შესყიდვის ნორმალური ფასი სრული შენახვის შიფრი შტრიხკოდი ბოლო ოპერაციის თარიღი ეგზემპლარის მიმდევრობითი ნომერი (კეტერი?) ფასის ძალაში შესვლის თარიღი ეგზემპლარის სახეობა საჯარო შენიშვნა
          ბათუმის შოთა რუსთაველის სახელმწიფო უნივერსიტეტის მთავარი ბიბლიოთეკა ბათუმის შოთა რუსთაველის სახელმწიფო უნივერსიტეტის მთავარი ბიბლიოთეკა წიგნსაცავი 2024-06-28 2.40 616(479.22)(092) ს-12 68322 2024-06-28 68322 2024-06-28 წიგნი 2 ლ. 40 თ.
          ბათუმის შოთა რუსთაველის სახელმწიფო უნივერსიტეტის მთავარი ბიბლიოთეკა ბათუმის შოთა რუსთაველის სახელმწიფო უნივერსიტეტის მთავარი ბიბლიოთეკა წიგნსაცავი 2024-06-28 2.40 616(479.22)(092) ს-12 68324 2024-06-28 68324 2024-06-28 წიგნი 2 ლ. 40 თ.
          ბათუმის შოთა რუსთაველის სახელმწიფო უნივერსიტეტის მთავარი ბიბლიოთეკა ბათუმის შოთა რუსთაველის სახელმწიფო უნივერსიტეტის მთავარი ბიბლიოთეკა წიგნსაცავი 2024-06-28 2.40 616(479.22)(092) ს-12 68323. 2024-06-28 68323 2024-06-28 წიგნი 2 თ. 40 თ.